Comprter Awareness for General Compentive Exam/ (Record no. 78333)
[ view plain ]
| 000 -LEADER | |
|---|---|
| fixed length control field | 00430nam a22001457a 4500 |
| 005 - DATE AND TIME OF LATEST TRANSACTION | |
| control field | 20130802153037.0 |
| 020 ## - INTERNATIONAL STANDARD BOOK NUMBER | |
| International Standard Book Number | 9788183482523 |
| Terms of availability | 95.00 |
| 037 ## - SOURCE OF ACQUISITION | |
| Stock number | KKP/VEN |
| 245 ## - TITLE STATEMENT | |
| Title | Comprter Awareness for General Compentive Exam/ |
| Statement of responsibility, etc | by R Pillai |
| 260 ## - PUBLICATION, DISTRIBUTION, ETC. (IMPRINT) | |
| Place of publication, distribution, etc | Meerut(UP) |
| Name of publisher, distributor, etc | Arihant |
| 270 ## - ADDRESS | |
| Address | Kalindi,TP nager |
| City | Meerut(UP) |
| Postal code | 250002 |
| Telephone number | 0121-2401479 |
| Fax number | 0121-2401648 |
| 300 ## - PHYSICAL DESCRIPTION | |
| Extent | 766p. |
| Dimensions | 24cm.(pbk) |
| 942 ## - ADDED ENTRY ELEMENTS (KOHA) | |
| Source of classification or shelving scheme | Dewey Decimal Classification |
| Item type | English Books |
No items available.
